000 00579nam a2200193Ia 4500
001 10640
003 GE_BSU
008 181216s||||||||xx |||||||||||||| ||und||
040 _cGE_BSU
245 _aმსოფლიოს პოლიტიკური რუკა
245 _b1:30 000 000
245 _cრედ:ნ.ფეიქრიშვილი.
260 _aთბილისი
260 _bგეოიედი
260 _c2011–2014.
541 _h10ლ.
653 _aმსოფლიოს პოლიტიკური რუკა
942 _cMP
999 _c43891
_d43891